| 000 | 00657nam a22001817a 4500 | ||
|---|---|---|---|
| 005 | 20251205105544.0 | ||
| 010 | _aENG-147206 | ||
| 020 |
_c600.00 _a9789391706241 |
||
| 035 | _aEN-130738 | ||
| 037 | _bDBAD | ||
| 082 |
_a181.4 _21 |
||
| 245 |
_aNew Perspectives in Indian Philosophy/ _cKalidas Bhattacharyya [and] Edited By Nirmalya Narayan Chakraborty |
||
| 250 | _a1 | ||
| 260 |
_aKolkata _bThe Ramakrishna Mission Institute Of Culture _c2023 |
||
| 270 |
_bKolkata _aThe Ramakrishna Mission Institute Of Culture Gol Park, Kolkata India _e700029 _mrmicsale@gmail.com |
||
| 300 |
_a445p. _c22cm(hb) |
||
| 942 |
_2ddc _cEN _h181.4 _mNEW _e1 |
||
| 999 |
_c213852 _d213852 |
||